Let Me Entertain You - Robbie Williams (all lyrics) - Statistics

General Stats
  • This quiz has been taken 49 times
  • The average score is 239 of 335
Answer Stats
Lyrics % Correct
let
100%
Let
100%
me
100%
a
97%
entertain
97%
you
97%
You
97%
on
94%
an
89%
He
89%
he
89%
your
89%
Your
89%
and
86%
And
86%
come
86%
Come
86%
The
86%
the
86%
I
83%
for
80%
here
77%
Here
77%
not
77%
So
77%
so
77%
to
77%
is
74%
now
74%
be
71%
of
71%
over
71%
fear
69%
Heaven
69%
my
69%
nothing
69%
Shake
69%
ass
66%
gone
66%
Hell
66%
left
66%
scream
66%
There's
66%
You're
66%
in
63%
heaven's
60%
dear
57%
I'm
57%
rock
57%
will
54%
empathy
51%
everything
51%
up
51%
cher
49%
mon
49%
too
49%
ages
46%
die
46%
don't
46%
from
46%
got
46%
pages
46%
used
46%
where
46%
alibi
43%
burning
43%
before
40%
effigy
40%
right
40%
sing
40%
yellow
40%
but
37%
But
37%
can't
37%
get
37%
good
37%
grab
37%
grass
37%
has
37%
kettle's
37%
Life's
37%
Look
37%
out
37%
yeah
37%
yourself
37%
Bo
34%
knows
34%
long
34%
short
34%
sight
34%
song
34%
we're
34%
around
31%
different
31%
going
31%
lost
31%
may
31%
mother
31%
place
31%
asleep
29%
drag
29%
end
29%
fell
29%
generation
29%
gotta
29%
grows
29%
high
29%
lied
29%
like
29%
Little
29%
Peep
29%
school's
29%
sheep
29%
teachers
29%
tired
29%
dad
26%
feeling
26%
heard
26%
his
26%
mum
26%
pill
26%
Separate
26%
taste
26%
tonight
26%
that's
23%
with
23%
wrongs
23%
habits
20%
learned
20%
lows
20%
popped
20%
see
20%
you've
20%
burned
17%
crazy
17%
mind
17%
sweet
17%
wet
17%
dew
14%
through
14%
fads
11%
gets
11%
phrases
9%
No matching quizzes found
Score Distribution
Percent of People with Each Score
Percentile by Number Answered
Your Score History
You have not taken this quiz